000
00219 a2200097 4500
001
5688
100
_a
Gerard,G
245
_a
Introduction structural stability theory
260
_a
_b
McGraw hill
_c
090
_c
4676
_d
4676
942
_a
NUST-CAE
_c
M
_c
31018
999
_c
240761
_d
240761